| 000 | 01018nam a22003017a 4500 | ||
|---|---|---|---|
| 003 | CHAP | ||
| 005 | 20220329134752.0 | ||
| 008 | 971013s1972 r 00010 d | ||
| 010 | _a25590 | ||
| 011 | _a26562 | ||
| 035 | _a30663 | ||
| 040 | _cCHAP | ||
| 090 | _aFolleto 2374 | ||
| 100 | 0 | 0 |
_aConejos S., Jesús. _926382 |
| 245 | _aPropiedades y características de sangre de drago (Pterocarpus vernalis) y sangrito (Pterocarpus aff. P. rohrii) | ||
| 260 |
_aMérida, Venezuela : _bLaboratorio Nacional de Productos Forestales, _c1972 |
||
| 300 | _a7 h. | ||
| 590 |
_aBATCH-UPD _b10 _c20130110 _lUCH01 _h2138 |
||
| 590 |
_aBATCH-UPD _b10 _c20130410 _lUCH01 _h1447 |
||
| 590 |
_aBATCH-UPD _b10 _c20130914 _lUCH01 _h0402 |
||
| 590 |
_aCONVERSION _b10 _c20130109 _lUCH01 _h1315 |
||
| 650 | 1 | 4 |
_aPterocarpus rohrii (Madera) _992649 |
| 650 | 1 | 4 |
_aPterocarpus vernalis (Madera) _992650 |
| 700 | 0 |
_aArroyo Pérez, Joel. _97534 |
|
| 901 | _aBK | ||
| 942 | _cFOLL | ||
| 949 |
_aFolleto 2374 _bBC _cFOLL _d-71007 _eTS1 _i30663 _mD _si |
||
| 999 |
_c25590 _d25590 |
||